Escupamos sobre Júpiter (Registro nro. 25179)

Detalles MARC
000 -LEADER
fixed length control field 00365 a2200109 4500
001 - CONTROL NUMBER
control field ART_10865
005 - DATE AND TIME OF LATEST TRANSACTION
control field 20260410161853.0
008 - FIXED-LENGTH DATA ELEMENTS--GENERAL INFORMATION
fixed length control field 260409a
100 1# - MAIN ENTRY--PERSONAL NAME
Personal name Litardo, Emiliano
245 10 - TITLE STATEMENT
Title Escupamos sobre Júpiter
773 0# - HOST ITEM ENTRY
Title Filosofía del derecho
Related parts Cuestiones conceptuales, metodológicas y normativas - Año I, Nº 1 (mayo 2012)
Record control number REV10449

No hay ítems disponibles.